| 000 | 00925nam a2200241 a 4500 | ||
|---|---|---|---|
| 001 | 1459 | ||
| 003 | BR-CuiBMT | ||
| 005 | 20231211022942.0 | ||
| 008 | 231128s2012 dfba 000 0 por d | ||
| 040 |
_aBR-CuiBMT _cBR-CuiBMT |
||
| 080 |
_a336.132.1 _x(81) _x(047) _22007 |
||
| 090 |
_a336.132.1(81)(047) _bB823r |
||
| 110 | 1 |
_aBrasil. _bTribunal de Contas da União. |
|
| 245 | 1 | 0 |
_aRelatório e parecer prévio sobre as contas do governo da República : _bexercício de 2011 / _cTribunal de Contas da União ; Ministro José Múcio Monteiro, relator. |
| 260 |
_aBrasília : _bTCU, _c2012. |
||
| 300 |
_a753 p. : _bil., algumas color. ; _c23 cm |
||
| 504 | _aInclui bibliografia. | ||
| 650 |
_aAdministração pública _zBrasil |
||
| 650 |
_aPrestação de contas _xRelatório _zBrasil |
||
| 650 |
_aTribunal de Conta da União (TCU) _zBrasil |
||
| 650 |
_aContas do governo _vRelatórios e pareceres _zBrasil |
||
| 942 |
_2udc _cLV |
||
| 999 |
_c1459 _d1459 |
||